000 00877nam a2200265 a 4500
003 AR-BaBNM
005 20251128203710.0
008 082120s2002 ||||||||||||||000 | spa||
040 _cAR-BaBNM
100 1 _aFurlong Cardiff, Guillermo
_cS.J.
245 0 0 _aEl Congreso de Tucumán
260 _aBuenos Aires
_bEdiciones Theoría
_c1966
300 _a412 p.
490 0 _aBiblioteca de estudios históricos
504 _aUno de los capítulos, escrito por Abel R. Geoghegan, trata acerca de "Bibliografía referente al Congreso de Tucumán y a los diputados"; p. 383-407
600 0 4 _aPueyrredón
_d1815-1819
650 4 _aHISTORIA ARGENTINA
650 4 _aDECLARACION DE LA INDEPENDENCIA
650 4 _aCONGRESO DE TUCUMAN
650 4 _aINDEPENDENCIA ARGENTINA
650 4 _aDIRECTORIO
650 4 _aHISTORIA POLITICA ARGENTINA
942 _cBK
998 _cEnrique
999 _c4539
_d4539